000 00772nam a2200253 a 4500
001 000020012
005 20200929170229.0
008 100712s1961 sp 001 d spa d
040 _aDO-SdBNP
_bspa
_cBNPHU
082 _a862.6
_bG633m, 1961
100 1 _aGómez de la Serna, Ramón,
_d1888-1963
_914278
245 1 4 _aLos muertos y las muertas /
_cRamón Gómez de la Serna.
250 _a3a ed.
260 _aMadrid :
_bEspasa-Calpe,
_c1961.
300 _a205 p. ;
_c18cm.
490 1 _aAustral. Violeta: teatro y poesía
_v308
500 _aIncluye índice de autores
650 4 _aTeatro español
_93071
650 4 _aLiteratura española
_9632
830 0 _aAustral.
_pVioleta: teatro y poesía;
_v308
_939559
910 _aWM
049 _aBNGR
049 _aBNGR
999 _c19524
_d19524